000 02145cam a2200253 4500500
005 20260329021401.0
041 _afre
042 _adc
100 1 0 _aSolignat, Blandine
_eauthor
700 1 0 _aSaintomer, Gaelle
_eauthor
245 0 0 _aDes passeurs de savoirs, de soins, de culture : dynamiques de professionnalisation des infirmières en pratique avancée en Guyane à l’aune de la négociation des savoirs
260 _c2026.
500 _a59
520 _aLa pratique avancée infirmière en Guyane met en lumière les tensions d’une profession en construction dans un contexte géographique, social et culturel singulier. Les infirmières en pratique avancée y composent entre référentiels nationaux et réalités de terrain, engageant une négociation et un métissage des savoirs académiques, expérientiels et locaux. L’analyse des CDPS et l’entretien avec une IPA de terrain soulignent l’importance d’une posture réflexive et de la sécurité culturelle pour penser une professionnalisation dynamique, contextualisée et transformatrice des pratiques de soin.
520 _aAdvanced nursing practice in French Guiana highlights the tensions facing an emerging profession in a geographically isolated, socially precarious, and culturally diverse context. Advanced practice nurses navigate between centralized biomedical frameworks and local realities through a negotiation and cross-fertilization of academic, experiential, and local knowledge. Analysis of Decentralized Prevention and Care Centers (CDPSs) and an interview with a field-based nurse underscore the importance of reflexivity and cultural safety in shaping a dynamic, situated process of professionalization and transforming care practices in intercultural settings.
690 _anégociation des savoirs
690 _apluri culturalité
690 _aprofessionnalisation
690 _aknowledge negotiation
690 _amulticulturalism
690 _aprofessionalization
786 0 _nPhronesis | 15 | 4 | 2026-03-06 | p. 151-173
856 4 1 _uhttps://shs.cairn.info/revue-phronesis-2026-4-page-151?lang=fr&redirect-ssocas=7080
999 _c1912160
_d1912160